Instruments in Beethoven's Septet, Opus 20 - Statistics

General Stats
  • This quiz has been taken 56 times
  • The average score is 6 of 7
Answer Stats
instrument % Correct
violin
96%
viola
94%
cello
92%
clarinet
77%
double bass
71%
bassoon
67%
French horn
54%
No matching quizzes found
Score Distribution
Percent of People with Each Score
Percentile by Number Answered
Your Score History
You have not taken this quiz